| 000 | 00513nam a2200217Ia 4500 | ||
|---|---|---|---|
| 005 | 20250425162445.0 | ||
| 008 | 250425s9999 xx 000 0 und d | ||
| 020 | _a9788425221934 | ||
| 041 | _aspa | ||
| 082 | _a660.0212 | ||
| 100 | _aHISCOX, G.D. | ||
| 245 | 0 | _aEL RECETARIO INDUSTRIAL | |
| 250 | _a2A ED. | ||
| 260 | _aBARCELONA | ||
| 260 |
_aEspaƱa _bGUSTAVO GILI _c2007 |
||
| 300 | _a1336 | ||
| 650 | _aFORMULAS INDUSTRIALES | ||
| 650 | _aRECETAS INDUSTRIALES | ||
| 942 | _c01 | ||
| 010 | _a75429 | ||
| 999 |
_c229610 _d229610 |
||